| 000 | 00407nam a22001457a 4500 | ||
|---|---|---|---|
| 020 | _a8120409434 | ||
| 082 |
_a624.176 _bStr. _cL-38, P-51 |
||
| 100 |
_aJagadish. R. _942939 |
||
| 245 |
_aStructural Failures case histories _cJagadish. R. |
||
| 260 |
_aNew Delhi. _bA.C.C.E _cc1995. |
||
| 300 |
_avi, p 196. _bill _c18cm |
||
| 526 |
_a0 _b0 _c0 _d624_176000000000000_STR |
||
| 650 |
_aMCE _9379 |
||
| 942 |
_2ddc _cBK |
||
| 999 |
_c546743 _d546743 |
||